000 00240nam a2200097Ia 4500
008 240331s9999 xx 000 0 und d
082 _bTHA
100 _aThanaraj,T
245 0 _aOdukapattor kalvi :
_bmalayagak kalvi patriya ayuwu
942 _cL
999 _c4731
_d4731